书目信息 |
| 题名: |
大学英语四级考试考前综合指导
|
|
| 作者: | 张伟华 主编 | |
| 分册: | ||
| 出版信息: | 北京 北京工业大学出版社 2004.02 |
|
| 页数: | 194页 | |
| 开本: | 26cm | |
| 丛书名: | 雷式外语系列丛书 | |
| 单 册: | ||
| 中图分类: | H310.42 | |
| 科图分类: | 41.68 | |
| 主题词: | 英语--ying yu--高等学校--水平考试--自学参考资料 | |
| 电子资源: | ||
| ISBN: | 7-5639-1347-5 | |
| 000 | 01012nam 2200277 450 | |
| 001 | 0637031407 | |
| 005 | 20060605104049.68 | |
| 010 | @a7-5639-1347-5@dCNY15.00 | |
| 099 | @aCAL 012004046237 | |
| 100 | @a20040510d2004 em y0chiy0121 ea | |
| 101 | 0 | @achi@aeng |
| 102 | @aCN@b110000 | |
| 200 | 1 | @a大学英语四级考试考前综合指导@Ada xue ying yu si ji kao shi kao qian zong he zhi dao@f张伟华主编@Fzhang wei hua zhu bian |
| 210 | @a北京@c北京工业大学出版社@d2004.02 | |
| 215 | @a194页@d26cm | |
| 225 | 2 | @a雷式外语系列丛书@Alei shi wai yu xi lie cong shu |
| 410 | 0 | @12001 @a雷式外语系列丛书 |
| 512 | 1 | @a大学英语四级考试考前综合指导@Ada xue ying yu si ji kao shi kao qian zong he zhi dao@e阅读·语法·词汇·完型填空·简短回答·英译汉 |
| 606 | 0 | @a英语@Aying yu@x高等学校@x水平考试@j自学参考资料 |
| 690 | @aH310.42@v4 | |
| 692 | @a41.68@v3 | |
| 701 | 0 | @a张伟华@Azhang wei hua@4主编 |
| 801 | 0 | @aCN@bTJU@c20060605 |
| 801 | 2 | @aCN@bDUTL@c20040628 |
| 905 | @dH310.42@eZ192 | |
| 906 | @dCNY15.00@n3@r1 | |
| 大学英语四级考试考前综合指导/张伟华主编.-北京:北京工业大学出版社,2004.02 |
| 194页;26cm.-(雷式外语系列丛书) |
| ISBN 7-5639-1347-5:CNY15.00 |
| ● |
| 相关链接 |
|
|
|
正题名:大学英语四级考试考前综合指导
索取号:H310.42/Z192
 
预约/预借
| 序号 | 登录号 | 条形码 | 馆藏地/架位号 | 状态 | 备注 |
| 1 | 605827 | 206058273 | 语言库209/209语言库 98排3列3层/ [索取号:H310.42/Z192] | 在馆 | |
| 2 | 605828 | 206058282 | 语言库209/209语言库 98排3列3层/ [索取号:H310.42/Z192] | 在馆 | |
| 3 | 605829 | 206058291 | 语言库209/209语言库 98排3列3层/ [索取号:H310.42/Z192] | 在馆 | |
| 4 | 605830 | 206058308 | 语言库209/209语言库 98排3列3层/ [索取号:H310.42/Z192] | 在馆 | |
| 5 | 605831 | 206058317 | 语言库209/209语言库 98排3列3层/ [索取号:H310.42/Z192] | 在馆 |